| 000 | 00907nam a2200205 i 4500 | ||
|---|---|---|---|
| 001 | 162399 | ||
| 003 | ES-MaACL | ||
| 005 | 20250901032930.0 | ||
| 008 | 041112s1831 hu af |||| | lat d | ||
| 040 |
_aCAM _bspa _cCAM |
||
| 100 | 1 |
_aPolya, Joseph. _9131252 |
|
| 245 | 1 | 0 |
_aSumma observatorum quas de cholera orientali a die XXIV julii usque diem XX septembris anni MDCCCXXXI in... civitatis Pest nosocomiis collectas / _csistunt Josephus Pólya et J. Carol Grünhut. |
| 260 |
_aPestiti : _bapud Ottonem Wigand, _c1831. |
||
| 300 |
_aVI, 61 p., [3] h. de lám. pleg. ; _c22 cm. |
||
| 599 | _aLas h. de lám. cromolit.: "delin Pólya, lith v. G. Schlick, Steindr. v. A. Kneisel" | ||
| 650 | 7 |
_aCólera _2embne _911143 |
|
| 700 | 1 | 1 |
_aGrünhut, Joseph Karl. _9127581 |
| 852 |
_aES-MaACL _jT-491-F-3 _z-- Enc. hol. _q-- Falto de la cub. original _z-- Enc. en un vol. facticio |
||
| 999 |
_c162399 _d162399 |
||